000 00300nam a2200109 4500
999 _c10968
_d10968
008 181002b ||||| |||| 00| 0 eng d
245 _a100% passing for ADDU grads.
260 _aDavao City
_bSun Star Davao
_cc2016
300 _apage 11.
650 0 _931870
_aLicensure-Examinations.
942 _2ddc
_cPER